Loading...
| Literature - World Literature | 0 | 4 | 0 | 1 | 40 | 69 | 115.00 | 0 | 1 |
| Science - Biology | 0 | 4 | 0 | 1 | 40 | 118 | 120.50 | 0 | 1 |
| History - World History | 0 | 4 | 0 | 1 | 40 | 102 | 115.50 | 0 | 1 |
| Social Science | 0 | 4 | 1 | 1 | 35 | 99 | 114.00 | 0 | 1 |
| Fine Arts - Painting and Sculpture | 0 | 4 | 1 | 1 | 35 | 61 | 111.00 | 0 | 2 |
| Science - Other Science | 0 | 4 | 1 | 0 | 35 | 91 | 113.25 | 0 | 1 |
| Fine Arts - Other Fine Arts | 0 | 3 | 0 | 1 | 30 | 126 | 132.33 | 0 | 0 |
| Literature - American Literature | 0 | 3 | 0 | 0 | 30 | 125 | 136.00 | 0 | 0 |
| History - European History | 0 | 3 | 1 | 1 | 25 | 104 | 106.00 | 0 | 1 |
| History - Other History | 0 | 3 | 1 | 0 | 25 | 109 | 117.00 | 0 | 1 |
| Current Events | 0 | 2 | 0 | 0 | 20 | 54 | 79.50 | 0 | 2 |
| Science - Physics | 0 | 2 | 0 | 1 | 20 | 120 | 121.00 | 0 | 0 |
| Literature - European Literature | 0 | 2 | 1 | 0 | 15 | 117 | 132.50 | 0 | 0 |
| Mythology | 0 | 2 | 1 | 1 | 15 | 108 | 123.00 | 0 | 0 |
| Literature - British Literature | 0 | 1 | 0 | 0 | 10 | 123 | 123.00 | 0 | 0 |
| Geography | 0 | 1 | 0 | 0 | 10 | 70 | 70.00 | 0 | 0 |
| History - American History | 0 | 1 | 2 | 0 | 0 | 93 | 93.00 | 0 | 1 |
| Science - Chemistry | 0 | 0 | 0 | 0 | 0 | 0.00 | 0 | 0 | |
| Philosophy | 0 | 0 | 0 | 0 | 0 | 0.00 | 0 | 0 | |
| Religion | 0 | 1 | 3 | 0 | -5 | 109 | 109.00 | 1 | 1 |
| Other Academic | 0 | 0 | 1 | 0 | -5 | 0.00 | 0 | 0 | |
| Fine Arts - Classical Music | 0 | 0 | 1 | 0 | -5 | 0.00 | 0 | 0 |